000 00358pam a2200157a 44500
008 230515b1996 xxu||||| |||| 00| 0 eng d
020 _aNULL
041 _aENG
082 _a610.1
100 _aL L LANCES CHARLES LACY
245 _aDRUG INFORMATION HAND BOOK
250 _aNULL
260 _aNULL
_b"APHA, ND,"
_c1996
300 _a819
650 _aN.D.
999 _c524524
_d524524